Score 0/16 Timer 02:00
0 Plays Today
Hint Missing Word % Correct
Captain Jack _____Sparrow
96.5%
Captain _____Hook
93.9%
Long John _____Silver
92.3%
Davy _____ Jones
83.8%
One-_____ WillyEyed
79.7%
Captain _____Morgan
72.4%
'_____ Bill' William Turner, Sr.Bootstrap
41.3%
'_____' Edward TeachBlackbeard
36.8%
Hint Missing Word % Correct
Dread Pirate _____Roberts
35.5%
Captain Hector _____Barbossa
19.1%
'Black _____' Bartholomew RobertsBart
18.4%
William '_____' KiddCaptain
17.2%
_____ the PiratePatchy
10.8%
Billy _____Bones
7.6%
Anne _____Bonny
6.7%
Captain Thomas Bartholomew _____ Red
6.4%

Today's Daily Dose

Missing Word
Train Books

Word Ladder
Piano Man

Quick Pick
Google Products

Get the Picture
Moana or Coco

Remove Ads.
Support Sporcle.
Get the best of Sporcle when you Go Orange. This ad-free experience offers more features, more stats, and more fun while also helping to support Sporcle. Thank you for becoming a member.

You're not logged in!

Compare scores with friends on all Sporcle quizzes.
OR
Log In

Show Comments

Extras

Top Quizzes Today


Score Distribution

Your Account Isn't Verified!

In order to create a playlist on Sporcle, you need to verify the email address you used during registration. Go to your Sporcle Settings to finish the process.

Report this User

Report this user for behavior that violates our Community Guidelines.

Details: